000 00589nam a2200181Ia 4500
008 090123s9999 xx 000 0 und d
082 _b3684
_a923.254/बावकर
100 _aबावकर पुरुषोत्तम
245 _aब्रम्हचारी
250 _a1
260 _bस्वस्तिक
_c1974
300 _a56
600 _aबावकर पुरुषोत्तम
630 _aब्रम्हचारी
700 _aबावकर पुरुषोत्तम
730 _aब्रम्हचारी
942 _cBOOK
999 _c41763
_d41763